000
00313nam a2200109Ia 4500
008
171211s9999 xx 000 0 und d
245
_a
Gun Digest Guide To Customizing Your Ar-15
245
_c
Kevin Muramatsu
260
_c
2014
650
_x
Military
856
_u
http://down.ebook777.com/GunDigGuiToCusYouAr1.pdf
999
_c
348348
_d
348348